000 00663nam a2200217Ia 4500
008 220216s9999 xx 000 0 und d
100 _aGohet E
245 0 _aRelation between clone type, latex sucrose content and the occurrence of tapping panel dryness in Hevea brasiliensis
260 _bIRRDB Workshop on Tapping Panel Dryness in Hevea brasiliensis, Hainan, China, 1997; p21-27
650 _aHevea brasiliensis
650 _aLatex sucrose content
650 _aTPD
700 _aClement A
700 _adAuzac J
700 _aJacob
700 _aKeli J Z
700 _aKouadio D
700 _aObouayeba S
700 _aPrevot J C
942 _cJS
999 _c66664
_d66664